[Event "11th European Club Cup for Wom"]
[Site "?"]
[Date "2006.10.14"]
[Round "7"]
[White "Svaljek, Radmila"]
[Black "Len, Irina"]
[Result "1/2-1/2"]
[WhiteElo "2055"]
[BlackElo "2114"]
[PlyCount "201"]
[EventDate "2006.10.08"]

1. d4 f5 2. Nf3 Nf6 3. Bg5 Ne4 4. Bh4 g6 5. e3 Bg7 6. Nbd2 c6 7. c4 Qa5 8. Bg3
d6 9. Be2 O-O 10. O-O Nxd2 11. Nxd2 e5 12. Nb3 Qc7 13. Qd2 Be6 14. Rac1 Qe7 15.
Rfd1 a5 16. dxe5 dxe5 17. Qd6 Qxd6 18. Rxd6 Re8 19. Nc5 Bc8 20. Na4 Bf8 21.
Rdd1 Nd7 22. Rc2 Rb8 23. h3 Nf6 24. Bh4 Ne4 25. Bd8 b5 26. Nc3 Nxc3 27. Rxc3 b4
28. Rc2 Ra8 29. Rcd2 Be6 30. Bc7 e4 31. Bb6 Kf7 32. Kf1 Be7 33. Bc7 h5 34. Bd6
Bf6 35. Bc5 h4 36. Bb6 Rec8 37. Bd4 Be7 38. Be5 Re8 39. Bc7 Rec8 40. Be5 a4 41.
b3 axb3 42. axb3 Ra3 43. Rb2 c5 44. f3 Rca8 45. Kf2 R8a6 46. f4 Ra2 47. Rdd2
Ra1 48. Rbc2 Rb1 49. Rb2 Rc1 50. Ra2 Rxa2 51. Rxa2 Rb1 52. Rb2 Ra1 53. Rd2 Ra3
54. Rb2 Bd7 55. Bd1 Ke6 56. Rd2 Bc6 57. g3 hxg3+ 58. Kxg3 g5 59. Bc7 Ra7 60.
Be5 Ra8 61. Kh2 Rg8 62. Bc7 Rc8 63. Be5 Be8 64. Kg3 Bf7 65. Kf2 Rg8 66. Be2
gxf4 67. Bxf4 Bh4+ 68. Kf1 Be7 69. Bd1 Ra8 70. Kg2 Kf6 71. Kh2 Ra1 72. Bc7 Rb1
73. Bb8 Rc1 74. Bf4 Rc3 75. Kg2 Ke6 76. Kf1 Bh4 77. Rd6+ Ke7 78. Rd2 Rd3 79.
Rxd3 exd3 80. Bc7 Kd7 81. Bf4 Bf6 82. Kf2 Bh4+ 83. Kf1 Kc6 84. Bh2 Kb6 85. Bd6
Be6 86. Kg2 Bd7 87. Be5 Bc6+ 88. Kf1 Be4 89. Bf4 Kc6 90. Bh6 Kd6 91. Bf4+ Ke6
92. Bh6 Be7 93. Bf4 Bd6 94. Kf2 Bf8 95. Kf1 Bg7 96. Kf2 Bf6 97. Kf1 Bh4 98. Bh6
Ke7 99. Bf4 Ke6 100. Bh6 Bg3 101. Bf4 1/2-1/2

[Event "11th European Club Cup for Wom"]
[Site "?"]
[Date "2006.10.14"]
[Round "7"]
[White "Lian, Marina"]
[Black "Mijatovic, Andrea"]
[Result "1-0"]
[WhiteElo "1841"]
[BlackElo "1900"]
[PlyCount "76"]
[EventDate "2006.10.08"]

1. e4 c5 2. Nc3 e6 3. f4 Nc6 4. Nf3 Nge7 5. g3 g6 6. Bg2 Bg7 7. O-O O-O 8. d3
d6 9. Ne2 f5 10. Rb1 Qc7 11. b3 Bd7 12. Bb2 Bxb2 13. Rxb2 Rac8 14. Qd2 b5 15.
Kh1 a5 16. Rbb1 a4 17. Rfe1 axb3 18. axb3 Ra8 19. exf5 exf5 20. d4 Rfe8 21.
Rbd1 Ra7 22. d5 Nb4 23. Nc3 Nc8 24. Ng5 h6 25. Ne6 Qb6 26. Re2 Bxe6 27. Rxe6
Rxe6 28. dxe6 Re7 29. Nd5 Nxd5 30. Qxd5 Qa6 31. h3 Kg7 32. c3 Kf6 33. Re1 Kg7
34. b4 Qb6 35. bxc5 dxc5 36. Qe5+ Kh7 37. Rd1 Na7 38. Rd7 Nc8 1-0